[Event "Cheliabinsk Lozovatsky Memorial-A"]
[Site "Cheliabinsk"]
[Date "2023.01.30"]
[Round "4"]
[White "Potapov, Alexander1111"]
[Black "Gitelson, Arkady"]
[Result "1-0"]
[WhiteElo "2425"]
[BlackElo "2146"]
[PlyCount "139"]
[EventDate "2023.01.27"]
[EventType "swiss"]
[EventRounds "10"]
[EventCountry "RUS"]
[SourceTitle "CBM 212 Extra"]
[Source "ChessBase"]
[SourceDate "2023.03.31"]
[SourceVersion "1"]
[SourceVersionDate "2023.03.31"]
[SourceQuality "1"]

1. e4 e6 2. d4 d5 3. exd5 exd5 4. c4 Nf6 5. Nc3 h6 6. Nf3 Be7 7. Bd3 0-0 8. 0-0 dxc4 9. Bxc4 Nc6 10. h3 Na5 11. Be2 Be6 12. Ne5 c5 13. Be3 Rc8 14. Bf3 cxd4 15. Qxd4 Qxd4 16. Bxd4 Bc5 17. Rfd1 Bxd4 18. Rxd4 Rfd8 19. Rxd8+ Rxd8 20. Rc1 Nc4 21. Nxc4 Bxc4 22. Bxb7 Rd2 23. Bf3 Be6 24. b3 Nd7 25. Kf1 Ne5 26. Be4 f5 27. Bb1 Kf7 28. Rd1 Rxd1+ 29. Nxd1 f4 30. h4 Kf6 31. Ke2 Nc6 32. Be4 Nb8 33. Nc3 Ke5 34. Bg6 Nc6 35. Kd2 Ne7 36. Bd3 g5 37. hxg5 hxg5 38. b4 g4 39. a3 Nc6 40. Ne2 Nd4 41. Kc3 Nf5 42. b5 f3 43. gxf3 gxf3 44. Nc1 Nh6 45. Bg6 Bd5 46. Nd3+ Kf6 47. Kd4 Bb3 48. Bh5 Bd1 49. Ne1 Nf5+ 50. Kc5 Nh4 51. Nd3 Kg5 52. Be8 Be2 53. Ne5 Nf5 54. a4 Kf6 55. Nc6 Ne3 56. Bh5 Nd1 57. Nd4 Nxf2 58. Bxf3 Nd3+ 59. Kd5 Bf1 60. a5 Nb2 61. Ne2 Bh3 62. Nd4 Bf1 63. Be2 Bg2+ 64. Kc5 Ke7 65. Nc6+ Kd7 66. Nxa7 Kc7 67. b6+ Kb8 68. Bb5 Bb7 69. Nc6+ Ka8 70. Nd8 1-0

[Event "Cheliabinsk Lozovatsky Memorial-A"]
[Site "Cheliabinsk"]
[Date "2023.01.29"]
[Round "3"]
[White "Gitelson, Arkady"]
[Black "Kamalidenova, Meruert"]
[Result "1-0"]
[WhiteElo "2146"]
[BlackElo "2373"]
[PlyCount "125"]
[EventDate "2023.01.27"]
[EventType "swiss"]
[EventRounds "10"]
[EventCountry "RUS"]
[SourceTitle "CBM 212 Extra"]
[Source "ChessBase"]
[SourceDate "2023.03.31"]
[SourceVersion "1"]
[SourceVersionDate "2023.03.31"]
[SourceQuality "1"]

1. d4 Nf6 2. Nf3 d5 3. g3 Bf5 4. Bg2 h6 5. 0-0 e6 6. c4 c6 7. Nc3 Nbd7 8. Qb3 Qb6 9. c5 Qa6 10. Qd1 Be7 11. b4 0-0 12. Qb3 b6 13. b5 Qb7 14. cxb6 Qxb6 15. Bf4 cxb5 16. Nxb5 a6 17. Nc3 Rfc8 18. Rfc1 g5 19. Bd2 Rab8 20. Qd1 Ba3 21. Na4 Qb7 22. Rxc8+ Qxc8 23. Ne1 Ne4 24. Bc1 Bb4 25. Be3 Ba3 26. Bc1 Nc3 27. Nxc3 Qxc3 28. Bxa3 Qxa3 29. e3 Nf6 30. Bf1 Ne4 31. Nd3 Nc3 32. Qh5 Kg7 33. Ne5 Rb7 34. h4 f6 35. Nd3 Rb8 36. Qf3 Rc8 37. Nc5 Qb2 38. Re1 Qd2 39. Ra1 Rc6 40. g4 Bg6 41. h5 Be4 42. Qg3 Qb2 43. Re1 a5 44. Nb3 Nxa2 45. Nxa5 Rc8 46. Qd6 Rf8 47. Nc6 Bf3 48. Qxe6 Nc3 49. Nd8 Bxg4 50. Qxg4 Rxd8 51. Qf5 Ne4 52. Bg2 Qb4 53. Qg6+ Kf8 54. Qxh6+ Ke7 55. Qg7+ Ke6 56. Bh3+ Kd6 57. Rc1 Qb8 58. Qf7 g4 59. Bxg4 f5 60. Bxf5 Rg8+ 61. Kh2 Nc5 62. Qf6+ Kc7 63. Qe5+ 1-0

[Event "Chigorin Memorial 29th"]
[Site "St Petersburg"]
[Date "2022.10.28"]
[Round "7"]
[White "Gitelson, Arkady"]
[Black "Yurasov, Matfey"]
[Result "1-0"]
[WhiteElo "2189"]
[BlackElo "1976"]
[PlyCount "85"]
[EventDate "2022.10.22"]
[EventType "swiss"]
[EventRounds "9"]
[EventCountry "RUS"]
[SourceTitle "EXT 2024"]
[Source "ChessBase"]
[SourceDate "2023.10.10"]
[SourceVersion "1"]
[SourceVersionDate "2023.10.10"]
[SourceQuality "1"]

1. e4 c5 2. Nf3 Nc6 3. d3 g6 4. g3 Bg7 5. Bg2 d6 6. 0-0 e5 7. Nc3 Nge7 8. Nd2 0-0 9. Nc4 Nd4 10. a4 Be6 11. Nd5 b5 12. axb5 Bxd5 13. exd5 Nxb5 14. f4 exf4 15. Bxf4 h6 16. Ra6 Nc8 17. c3 g5 18. Bc1 Nc7 19. Ra4 Ne7 20. Ne3 f5 21. h4 Qe8 22. Bh3 gxh4 23. Rxh4 Qg6 24. Qh5 f4 25. Nf5 Rxf5 26. Qxg6 Nxg6 27. Bxf5 Nxh4 28. gxh4 Be5 29. Bxf4 Bxf4 30. Rxf4 Re8 31. Be4 Rf8 32. Rg4+ Kf7 33. Kh2 Rb8 34. Rg2 a5 35. Kh3 a4 36. Rf2+ Kg7 37. Kg4 Rb3 38. Kh5 a3 39. bxa3 Rxc3 40. Bg6 Nxd5 41. Rf7+ Kg8 42. Kxh6 Rxa3 43. Rf5 1-0